Skip to main content
Your cart is empty.
Your lists
Log in to create your own lists
Your cookies
العربية
English
العربية
Home
Search
Advanced search
Authority search
About
The noble scholar, jurist, historian
His Excellency Dr. Abdul Wahhab bin Ibrahim Abu Sulaiman, may Allah have mercy on him.
He was born in Umm Al-Qura in the year 1356 AH.
Library catalog
Title
Author
Subject
ISBN
ISSN
Series
Call number
Log in to your account
×
Login:
Password:
Home
MARC view: العثمانيون والإمام القاسم بن محمد بن علي في اليمن 1006-1029 هـ / 1598-1620 م /
Normal view
MARC view
ISBD view
العثمانيون والإمام القاسم بن محمد بن علي في اليمن 1006-1029 هـ / 1598-1620 م / (Record no. 11979)
[
view plain
]
MARC details
000 -LEADER
fixed length control field
01495cam a22003131i 4500
003 - CONTROL NUMBER IDENTIFIER
control field
SA-RiAUC
005 - DATE AND TIME OF LATEST TRANSACTION
control field
20250922064852.0
008 - FIXED-LENGTH DATA ELEMENTS--GENERAL INFORMATION
fixed length control field
250919s1984 su g b 000r0dara c
040 ## - CATALOGING SOURCE
Original cataloging agency
SA-RiAUC
Language of cataloging
ara
Transcribing agency
SA-RiAUC
Description conventions
rda
043 ## - GEOGRAPHIC AREA CODE
Geographic area code
a-ye---
082 04 - DEWEY DECIMAL CLASSIFICATION NUMBER
Classification number
953.202
Assigning agency
SA-RiAUC
090 ## - LOCALLY ASSIGNED LC-TYPE CALL NUMBER (OCLC); LOCAL CALL NUMBER (RLIN)
Classification number (OCLC) (R) ; Classification number, CALL (RLIN) (NR)
953.202
Local cutter number (OCLC) ; Book number/undivided call number, CALL (RLIN)
م د ا
100 1# - MAIN ENTRY--PERSONAL NAME
Personal name
المداح، أميرة علي محمد،
Dates associated with a name
1368 هجري-
Relator term
مؤلف.
245 12 - TITLE STATEMENT
Title
العثمانيون والإمام القاسم بن محمد بن علي في اليمن 1006-1029 هـ / 1598-1620 م /
Statement of responsibility, etc.
أميرة علي محمد المداح.
250 ## - EDITION STATEMENT
Edition statement
الطبعة الثانية.
264 #1 - PRODUCTION, PUBLICATION, DISTRIBUTION, MANUFACTURE, AND COPYRIGHT NOTICE
Place of production, publication, distribution, manufacture
جدة، السعودية :
Name of producer, publisher, distributor, manufacturer
تهامة للنشر والتوزيع،
Date of production, publication, distribution, manufacture, or copyright notice
1984.
300 ## - PHYSICAL DESCRIPTION
Extent
253 صفحة ؛
Dimensions
24 سم.
336 ## - CONTENT TYPE
Content type term
نص
Content type code
txt
Source
rdacontent
Materials specified
كتاب
337 ## - MEDIA TYPE
Media type term
بدون وسيط
Media type code
n
Source
rdamedia
338 ## - CARRIER TYPE
Carrier type term
مجلد
Carrier type code
nc
Source
rdacarrier
490 1# - SERIES STATEMENT
Series statement
رسائل جامعية ؛
Volume/sequential designation
4
504 ## - BIBLIOGRAPHY, ETC. NOTE
Bibliography, etc. note
ببليوجرافية : صفحة 235-243.
600 17 - SUBJECT ADDED ENTRY--PERSONAL NAME
Personal name
ابن إمام اليمن، محمد بن الحسين بن القاسم،
Dates associated with a name
توفي 1067 هجري
Source of heading or term
aucnm
600 17 - SUBJECT ADDED ENTRY--PERSONAL NAME
Personal name
المنصور بالله، القاسم بن محمد بن علي،
Titles and other words associated with a name
إمام اليمن،
Dates associated with a name
967-1029 هجري
Source of heading or term
aucnm
651 #7 - SUBJECT ADDED ENTRY--GEOGRAPHIC NAME
Geographic name
اليمن
General subdivision
تاريخ
Chronological subdivision
الحكم العثماني، 1538-1840
Source of heading or term
aucsh
830 #0 - SERIES ADDED ENTRY--UNIFORM TITLE
Uniform title
رسائل جامعية (تهامة للنشر والتوزيع)
Volume/sequential designation
4
942 ## - ADDED ENTRY ELEMENTS (KOHA)
Source of classification or shelving scheme
Dewey Decimal Classification
Koha item type
Books
Suppress in OPAC
No
949 ## - LOCAL PROCESSING INFORMATION (OCLC)
a
SA-JeALM
d
250919
u
mohamedma123
n
1
Holdings
Withdrawn status
Lost status
Source of classification or shelving scheme
Damaged status
Not for loan
Home library
Current library
Date acquired
Total checkouts
Full call number
Barcode
Date last seen
Price effective from
Koha item type
Dewey Decimal Classification
DR AbdElwahab Library
DR AbdElwahab Library
09/22/2025
953.202 م د ا
000019289
09/22/2025
09/22/2025
Books
Dewey Decimal Classification
DR AbdElwahab Library
DR AbdElwahab Library
09/24/2025
953.202 م د ا
000019435
09/24/2025
09/24/2025
Books
Place hold
Print
Add to your cart
(remove)
Save record
BIBTEX
Dublin Core
MARCXML
MARC (non-Unicode/MARC-8)
MARC (Unicode/UTF-8)
MARC (Unicode/UTF-8, Standard)
MODS (XML)
RIS
ISBD
More searches
Search for this title in:
Other Libraries (WorldCat)
Other Databases (Google Scholar)
Online Stores (Bookfinder.com)
Open Library (openlibrary.org)
Exporting to Dublin Core...
×
Simple DC-RDF
OAI-DC
SRW-DC